000 00581nam a22002057a 4500
005 20140604130620.0
008 140604b xxu||||| |||| 00| 0 eng d
020 _a9780071630252
024 0 _ceng
080 _a65.013
100 _aFlagg Donna
245 _aSurviving Dreaded Conversations/
_cDonna Flagg;
250 _a1 st.ed.;
260 _aUnited States of America,
_bMcGraw-Hill,
_c2010.
300 _af. 213
_c21 cm,
500 _aIndex f.209-213
650 _aPsikologjia e zbatuar,
650 _aPuna,
942 _2udc
_cBK
999 _c477
_d477